000 00443nam a2200169Ia 4500
008 090711s9999 xx 000 0 und d
082 _b27696
100 _aपाध्ये भाऊ
245 _aअग्रेसर
260 _c1969
300 _a120
600 _aपाध्ये भाऊ
630 _aअग्रेसर
700 _aपाध्ये भाऊ
730 _aअग्रेसर
942 _cBOOK
999 _c297790
_d297790